Mass communications and media studies : (Record no. 367615)
[ view plain ]
| 000 -LEADER | |
|---|---|
| fixed length control field | 00673nam a22002177a 4500 |
| 003 - CONTROL NUMBER IDENTIFIER | |
| control field | 0 |
| 005 - DATE AND TIME OF LATEST TRANSACTION | |
| control field | 20250826120743.0 |
| 008 - FIXED-LENGTH DATA ELEMENTS--GENERAL INFORMATION | |
| fixed length control field | 250826b xxu||||| |||| 00| 0 eng d |
| 020 ## - INTERNATIONAL STANDARD BOOK NUMBER | |
| International Standard Book Number | 978-81-97953-22-4 |
| 050 ## - LIBRARY OF CONGRESS CALL NUMBER | |
| Classification number | P 90 |
| Item number | .S54 2025 |
| 100 ## - MAIN ENTRY--PERSONAL NAME | |
| Personal name | Shekh, Jamal, |
| Relator term | author. |
| 245 ## - TITLE STATEMENT | |
| Title | Mass communications and media studies : |
| Remainder of title | an introduction / |
| Statement of responsibility, etc | Jamal Shekh. |
| 250 ## - EDITION STATEMENT | |
| Edition statement | First edition. |
| 260 ## - PUBLICATION, DISTRIBUTION, ETC. (IMPRINT) | |
| Place of publication, distribution, etc | New Delhi, India : |
| Name of publisher, distributor, etc | Venus Books, |
| Date of publication, distribution, etc | 2025. |
| 300 ## - PHYSICAL DESCRIPTION | |
| Extent | ix, 296 pages ; |
| Dimensions | 24 cm. |
| 504 ## - BIBLIOGRAPHY, ETC. NOTE | |
| Bibliography, etc | Includes bibliographical references and index. |
| 650 ## - SUBJECT ADDED ENTRY--TOPICAL TERM | |
| Topical term or geographic name as entry element | Mass communication. |
| 650 ## - SUBJECT ADDED ENTRY--TOPICAL TERM | |
| Topical term or geographic name as entry element | Mass media. |
| 650 ## - SUBJECT ADDED ENTRY--TOPICAL TERM | |
| Topical term or geographic name as entry element | Mass media |
| General subdivision | Study and teaching. |
| 942 ## - ADDED ENTRY ELEMENTS (KOHA) | |
| Source of classification or shelving scheme | Library of Congress Classification |
| Koha item type | Books |
| Withdrawn status | Lost status | Source of classification or shelving scheme | Damaged status | Home library | Current library | Shelving location | Date acquired | Source of acquisition | Sub Shelving location | Total Checkouts | Full call number | Barcode | Date last seen | Price effective from | Koha item type |
|---|---|---|---|---|---|---|---|---|---|---|---|---|---|---|---|
| Library of Congress Classification | College Library | College Library | Reserve Section | 06/04/2025 | Library Fund | P 90 .S54 2025 | C24707 | 08/26/2025 | 08/26/2025 | Books | |||||
| Library of Congress Classification | College Library | College Library | Reserve Section | 07/02/2025 | Library Fund | P 90 .S54 2025 | C25527 | 11/03/2025 | 11/03/2025 | Books |